Programa de apoyo a adolescentes embarazadas que asisten a la consulta del Departamento de Salud Integral del Hospital José María Cabral y Báez de Santiago, en el Período, 2006-2008 (Record no. 2049)
[ view plain ]
| 000 -LEADER | |
|---|---|
| campo de control de longitud fija | 02822nam a2200541Ia 4500 |
| 001 - NÚMERO DE CONTROL | |
| campo de control | 2187 |
| 008 - DATOS DE LONGITUD FIJA--INFORMACIÓN GENERAL | |
| campo de control de longitud fija | 241029s9999 xx 000 0 und d |
| 010 ## - NÚMERO DE CONTROL DE LA BIBLIOTECA DEL CONGRESO | |
| Número de control de LC | 2049 |
| 041 ## - CÓDIGO DE IDIOMA | |
| Código de lengua del texto/banda sonora o título independiente | Español |
| 082 ## - NÚMERO DE LA CLASIFICACIÓN DECIMAL DEWEY | |
| Número de clasificación | 7-A |
| 245 #0 - MENCIÓN DEL TÍTULO | |
| Título | Programa de apoyo a adolescentes embarazadas que asisten a la consulta del Departamento de Salud Integral del Hospital José María Cabral y Báez de Santiago, en el Período, 2006-2008 |
| 260 ## - PUBLICACIÓN, DISTRIBUCIÓN, ETC. | |
| Lugar de publicación, distribución, etc. | Santiago |
| 300 ## - DESCRIPCIÓN FÍSICA | |
| Extensión | 112 |
| 520 ## - RESUMEN, ETC. | |
| Sumario, etc. | 1 |
| 520 ## - RESUMEN, ETC. | |
| Sumario, etc. | La experiencia y evidencias cualitativas producidas a través de la realización de este trabajo de investigación acción, permitieron desarrollar un adecuado programa de investigación, con la finalidad de mejorar la calidad de vida de las adolescentes embarazadas y apoyar el programa de Salud Integral que funciona en el Hospital José María Cabral y Báez de Santiago, en el Período, 2006-2008.El esquema de investigación estuvo basado en el modelo Kurt Lewin, que implica un espiral de ciclos y fases desarrolladas a través de cuatro etapas: inicial o diagnóstica, preparatoria de la investigación y final.El universo comprende las adolescentes embarazadas que asistieron a la consulta del Departamento de Salud Integral del Hospital, donde se tomó una muestra de 12 de las asistentes.El estudio realizado conduce a presentar recomendaciones o propuestas de cambios en el orden de que se implemente en las escuelas un programa de educación sexual preventivo, que se adapte a la realidad biopsicosocial de la población adolescente, de tal manera que las adolescentes reciban atención, orientación y educación en los hospitales periféricos y, además, se le de apertura al programa en los diferentes hospitales de la provincia del Cibao. |
| 630 ## - PUNTO DE ACCESO ADICIONAL DE MATERIA--TÍTULO UNIFORME | |
| Título uniforme | Educación y Salud |
| 630 ## - PUNTO DE ACCESO ADICIONAL DE MATERIA--TÍTULO UNIFORME | |
| Título uniforme | Embarazo en la Adolescencia |
| 650 ## - PUNTO DE ACCESO ADICIONAL DE MATERIA--TÉRMINO DE MATERIA | |
| Término de materia o nombre geográfico como elemento de entrada | Ejes Transversales (Educación y Salud) |
| 690 ## - PUNTO DE ACCESO ADICIONAL DE MATERIA LOCAL--TÉRMINO DE MATERIA (OCLC, RLIN) | |
| Término de materia o nombre geográfico como elemento inicial | Sintetizado |
| 700 ## - ENTRADA AGREGADA--NOMBRE PERSONAL | |
| Término indicativo de función/relación | asesor |
| Nombre de persona | Contreras, Ana Dolores |
| 700 ## - ENTRADA AGREGADA--NOMBRE PERSONAL | |
| Término indicativo de función/relación | autor |
| Nombre de persona | Peña Polanco, Manuel |
| 700 ## - ENTRADA AGREGADA--NOMBRE PERSONAL | |
| Término indicativo de función/relación | autor |
| Nombre de persona | Rosario Filión, Rómula Eradina |
| 901 ## - ELEMENTOS DE DATOS A LOCAL LDA (RLIN) | |
| a | {"1":"Peña Polanco","2":"Rosario Filión"} |
| b | {"1":"Manuel","2":"Rómula Eradina"} |
| 902 ## - ELEMENTOS DE DATOS B LOCAL, LDB (RLIN) | |
| a | 1 |
| 903 ## - ELEMENTOS DE DATOS C LOCAL, LDC (RLIN) | |
| a | {"1":"Contreras"} |
| b | {"1":"Ana Dolores"} |
| 904 ## - ELEMENTOS DE DATOS D LOCAL, LDD (RLIN) | |
| a | Maestría en |
| 905 ## - ELEMENTOS DE DATOS E LOCAL, LDE (RLIN) | |
| a | Orientación Educativa e Intervención Psicopedagógica |
| 906 ## - ELEMENTOS DE DATOS F LOCAL, LDF (RLIN) | |
| a | 2 |
| 907 ## - ELEMENTOS DE DATOS G LOCAL, LDG (RLIN) | |
| a | NO APLICA |
| 908 ## - COLOCAR PARÁMETRO DE COMANDO (RLIN) | |
| Colocar parámetro de comando | NO APLICA |
| 909 ## - | |
| -- | Universidad Autónoma de Santo Domingo (UASD) |
| 910 ## - DATOS DE OPCIÓN DEL USUARIO (OCLC) | |
| Datos de opción del usuario | NULL |
| -- | NULL |
| 911 ## - EQUIVALENCIA O REFERENCIA-CRUZADA-NOMBRE DE CONFERENCIA O REUNIÓN/CONGRESO [LOCAL, CANADÁ] | |
| Nombre de congreso/reunión o jurisdicción como elemento de entrada | ["1"] |
| 912 ## - | |
| -- | NO APLICA |
| 913 ## - | |
| -- | NULL |
| 914 ## - | |
| -- | 01 de Julio de 2009 |
| 915 ## - | |
| -- | NULL |
| 916 ## - | |
| -- | NULL |
| 917 ## - | |
| -- | NULL |
| 918 ## - | |
| -- | Educación especial |
| 919 ## - | |
| -- | ["315","87"] |
| 921 ## - | |
| -- | 16 |
| 922 ## - | |
| -- | 16 |
| 923 ## - | |
| -- | 0 |
| 924 ## - | |
| -- | NO APLICA |
| 942 ## - ELEMENTOS DE ENTRADA SECUNDARIOS (KOHA) | |
| Tipo de ítem Koha | |
No items available.